Top German Speaking States - Statistics

General Stats
  • This quiz has been taken 37 times
  • The average score is 7 of 8
Answer Stats
Number State % Correct
141,671 California
100%
92,709 New York
100%
68,672 Pennsylvania
94%
82,117 Texas
94%
89,656 Florida
91%
72,647 Ohio
88%
52,366 Michigan
84%
63,366 Illinois
75%
No matching quizzes found
Score Distribution
Percent of People with Each Score
Percentile by Number Answered
Your Score History
You have not taken this quiz